Statistics for Equatorial Guinea Country Quiz

Click here to take the quiz!

General Stats

  • This quiz has been taken 7,428 times
    (7,397 since last reset)
  • The average score is 9 of 15

Answer Stats

HintAnswer% Correct
Equatorial Guinea straddles, but does not actually touch this lineEquator
95%
Official languagesFrench
90%
Bordering countriesCameroon
90%
Bordering countriesGabon
88%
By far the most important export of Equatorial GuineaOil
88%
Official languagesSpanish
82%
Technically, Equatorial Guinea is the third ____ African country, trailing only
Seychelles and Mauritius
Richest
80%
Official languagesPortuguese
68%
Capital of Equatorial GuineaMalabo
62%
However, it also has the world's highest rate of income ______,
measured by the GINI coefficient
Inequality
62%
Most populous city (hint: shares its name with a Czech shoe company)Bata
30%
Island on which the above is locatedBioko
27%
Planned future capital cityCiudad de la {Paz}
26%
Name for the mainland part of Equatorial GuineaRío {Muni}
23%
Largest ethnic group (hint: starts with F)Fang
20%

Score Distribution

Percentile by Number Answered

Percent of People with Each Score

Your Score History

You have not taken this quiz since the last reset